Tilastot visalle Baltian maat ja pääkaupungit

Klikkaa tästä pelataksesi tätä visaa!

Yleistilastot

  • Tätä visaa on pelattu 32 kertaa
  • Keskiarvotulos 6 / 6

Vastaustilastot

Vastaus% Oikein
Latvia
100%
Liettua
100%
Tallinna
100%
Viro
100%
Riika
96%
Vilna
93%

Tulosjakauma

Persentiili vastausten määrän mukaan

Jokaisen tuloksen saaneiden osuus

Tuloshistoriasi

Et ole pelannut tätä visaa